The Green book 2006/ 2007.
| Format: | Book |
|---|---|
| Published: |
Singapore:
Promedia Directories,
2006.
|
| Edition: | 2006/ 2007 ed. |
| Subjects: |
| LEADER | 00534cam a2200157 7i4500 | ||
|---|---|---|---|
| 001 | 0000020490 | ||
| 005 | 20080125090000.0 | ||
| 090 | 0 | 0 | |a CD 338.74025 |b GRE [SING] |
| 245 | 0 | 4 | |a The Green book 2006/ 2007. |
| 250 | 0 | 0 | |a 2006/ 2007 ed. |
| 260 | 0 | 0 | |a Singapore: |b Promedia Directories, |c 2006. |
| 300 | # | # | |a Electronic computer optical disc (CD-ROM). |
| 650 | 0 | 0 | |a Business -- |x Directories -- |z Singapore |
| 650 | 0 | 0 | |a Consumer -- |x Directories -- |z Singapore |
| 651 | 0 | 0 | |a Singapore |
| 999 | |a CDR000579H |b CD-ROM |c AV Collection |e Business Information Centre | ||